One,two,three..infinity (Record no. 22849)

MARC details
000 -LEADER
fixed length control field 00345nam a2200121Ia 4500
082 ## - DEWEY DECIMAL CLASSIFICATION NUMBER
Classification number 051
Item number GAM
100 ## - MAIN ENTRY--AUTHOR NAME
Personal name Gamow, George
245 #0 - TITLE STATEMENT
Title One,two,three..infinity
260 ## - PUBLICATION, DISTRIBUTION, ETC. (IMPRINT)
Place of publication Thiruvananthapuram
Name of publisher State Inst of Languages
Year of publication 1961
505 ## - FORMATTED CONTENTS NOTE
Formatted contents note Tr from Russian by K Gopalakrishnan Nair
942 ## - ADDED ENTRY ELEMENTS (KOHA)
Koha item type Books
Holdings
Withdrawn status Lost status Damaged status Not for loan Home library Current library Date acquired Cost, normal purchase price Full call number Accession Number Koha item type
        RRII Library RRII Library 16/12/2021 10.00 051 GAM 03560 Books